00471nam a2200133 a 4500008004100000245015100041260004900192300002400241500001900265650002600284003000100310005001700311040000900328  0aDefining public administration: selections from the International Encyclopedia of Public Policy and Administration/editor in chief, Jay M.Shafritz aBoulder, Colarado :bWestview Press ,c 2000 ax, 454 p. ;c22 cm. aIncludes Index aPublic administration20230123134102.0 cNUST